000 00778nam a22002777a 4500
001 BR8901789
003 BR-BrBNA
005 20230928093201.0
007 ta
008 230509b bl.||||| |||| 00| 0 por d
040 _aBR-BrBNA
_bpor
_cBiblioteca Nacional de Agricultura
041 _a(Por)
072 _aP40; P33
090 _ P40 BR8901789
100 1 _aHargreaves, G.H.
110 1 _aUtah State Univ., Salt Lake City (USA)
_911400
245 1 _aManual de requerimento de agua para culturas irrigadas e agricultura seca
260 3 _aSalt Lake City (USA):
_c1975.
300 _a41 p.
650 _aCULTURA IRRIGADA
650 _aEVAPOTRANSPIRACAO
650 _aLIXIVIACAO
650 _aUMIDADE DO SOLO
909 _a202309
_bLucia
_c55
_dLucia Elande
942 _cBK
999 _c43480
_d43480